000 01193 a2200241 4500
003 Nust
005 20170207154053.0
010 _a 2008055228
020 _a0470454679 (cloth : acid-free paper)
020 _a9780470454671 (cloth : acid-free paper)
035 _a(OCoLC)ocn276334336
040 _cNust
082 0 0 _a658.15224
100 1 _aSteven H. Goldberg.
245 1 0 _aBillions of drops in millions of buckets : why philanthropy doesn't advance social progress (E-Book)
_cSteven H. Goldberg.
260 _aHoboken, N.J. :
_bJohn Wiley & Sons,
_cc2009.
300 _axxxi, 302 p. :
_bill. ;
_c24 cm.
505 0 _aPrelude: "The great recession" -- Preface -- The disheartening problem of "scale" -- The American underclass -- Fragmentation -- Intermediation -- Growth capital -- A performance-based funding market -- Prediction markets -- The Impact Index -- Crossing the fundraising chasm.
650 0 _aEndowments
_zUnited States
_xEconomic aspects.
650 0 _aEndowments
_zUnited States
_xManagement.
650 0 _aNonprofit organizations
_zUnited States
_xManagement.
651 _aBillions of drops in millions of buckets : why philanthropy doesn't advance social progress (E-Book)
942 _2ddc
_cBK
999 _c193203
_d193203